000 00454 a2200169 4500
020 _a0072838477
040 _aDLC
_bDLC
082 _a174.4
100 _a Richardson, John E.
245 _aBusiness ethics
_cJohn E.Richardson
250 _a15th ed
260 _a USA: ,
_bMcGraw-Hill/Dushkin
_c2003.
300 _a xviii, 221 p ;
_b. : ill.
_c27 cm.
500 _a Includes Index
650 _a Business ethics-periodicals
942 _cBK
_k 174.4 RIC
_2ddc
999 _c6981
_d6981